Guía para el manejo eficaz de un banco de germoplasma (Registro nro. 7574)

Detalles MARC
000 -CABECERA
Campo de control 00638nam a22002177a 4500
005 - FECHA Y HORA DE LA ULTIMA TRANSACCION
Campo de control 20130814165258.0
008 - ELEMENTOS DE LONGITUD FIJA—INFORMACION GENERAL
Campo de control 130814b2007 ck ||||| |||| 00| 0 spa d
020 ## - ISBN
ISBN 9789290437673
041 ## - IDIOMA
Código de idioma para texto/pista de sonido o título separado Español
044 ## - PAÍS DE PUBLICACIÓN
País de publicación Colombia
082 ## - NUMERO DE CLASIFICACION DECIMAL DEWEY
Número de clasificación 633.84
Número del ítem G94g
245 10 - MENCION DE TITULO
Título Guía para el manejo eficaz de un banco de germoplasma
Mención de responsabilidad editado por J.M.M. Engels y L. Visser
260 ## - PUBLICACION, DISTRIBUCION, ETC. (PIE DE IMPRENTA)
Lugar de publicación, distribución, etc. Roma
Nombre del editor, distribuidor, etc. Biodiversity International
Fecha de publicación, distribución, etc. 2007
300 ## - DESCRIPCION FISICA
Extensión 191 p.
Dimensiones 24 cm.
650 ## - ASIENTO SECUNDARIO DE MATERIA - TERMINO TEMATICO
Término temático o nombre geográfico como elemento de entrada Investigaciones
650 ## - ASIENTO SECUNDARIO DE MATERIA - TERMINO TEMATICO
Término temático o nombre geográfico como elemento de entrada Germoplasma
650 ## - ASIENTO SECUNDARIO DE MATERIA - TERMINO TEMATICO
Término temático o nombre geográfico como elemento de entrada Cultivos
700 ## - ASIENTO SECUNDARIO - NOMBRE PERSONAL
Nombre personal Engels, J.M.M
Término de relación ed
700 ## - ASIENTO SECUNDARIO - NOMBRE PERSONAL
Nombre personal Visser, L.
Término de relación ed
942 ## - ELEMENTOS ADICIONALES (KOHA)
Sistema de clasificación Dewey Decimal Classification
Tipo de ítem Impreso
Existencias
Withdrawn status Lost status Sistema de Clasificación Damaged status No para préstamo Colección Inventariado Ubicación Permanente Ubicación actual Fecha de adquisición Fuente de Valor Valor Total Checkouts Número topográfico Inventario / Código de Barras Date last seen Ejemplar Price effective from Forma de adquisición Tipo de material
    Dewey Decimal Classification     General Inventariado 2017 Bogotá Bogotá 14/08/2013 Instituto 39000.00   LB 633.84 G94g 058364 14/08/2013 Ej. 1 14/08/2013   Libro